Central Library OPAC University of Rajshahi

X-ray diffraction procedures for polycrystalline and amorphous materials / (Record no. 8858)

MARC details
000 -LEADER
fixed length control field 00850cam a22002531 4500
001 - CONTROL NUMBER
control field 8858
003 - CONTROL NUMBER IDENTIFIER
rucl marc code BD-RjUL
005 - DATE AND TIME OF LATEST TRANSACTION
control field 20211208234651.0
008 - FIXED-LENGTH DATA ELEMENTS--GENERAL INFORMATION
fixed length control field 161003r19541966nyua 000 0 eng
035 ## - SYSTEM CONTROL NUMBER
System control number (BD-RjUL)8903
System control number (OCoLC)478744
040 ## - CATALOGING SOURCE
Original cataloging agency DLC
Transcribing agency OYesA
Modifying agency OCoLC
-- Uk
-- DLC
-- BD-RjUL
Language of cataloging eng
041 ## - LANGUAGE CODE
Language code of text/sound track or separate title eng
082 00 - DEWEY DECIMAL CLASSIFICATION NUMBER
Classification number 539.722
Author mark and year KLX 1954
100 1# - MAIN ENTRY--PERSONAL NAME
Personal name Klug, Harold P.
Fuller form of name (Harold Philip),
Dates associated with a name 1902-
9 (RLIN) 27543
245 10 - TITLE STATEMENT
Title X-ray diffraction procedures for polycrystalline and amorphous materials /
Statement of responsibility, etc. [by] Harold P. Klug [and] Leroy E. Alexander.
260 ## - PUBLICATION, DISTRIBUTION, ETC. (IMPRINT)
Place of publication, distribution, etc. New York :
Name of publisher, distributor, etc. Wiley ,
Date of publication, distribution, etc. 1954 [print 1966]
300 ## - PHYSICAL DESCRIPTION
Pagination 716 p. :
Illustrations ill. ;
Size 24 cm.
504 ## - BIBLIOGRAPHY, ETC. NOTE
Bibliography, etc Includes index.
650 #0 - SUBJECT ADDED ENTRY--TOPICAL TERM
Topical term or geographic name as entry element X-rays
General subdivision Diffraction.
9 (RLIN) 27544
700 1# - ADDED ENTRY--PERSONAL NAME
Personal name Alexander, Leroy E.
Fuller form of name (Leroy Elbert),
Dates associated with a name 1910-
Relator term joint author.
942 ## - ADDED ENTRY ELEMENTS (KOHA)
Source of classification or shelving scheme Dewey Decimal Classification
Koha item type Books
Holdings
Lost status Source of classification or shelving scheme Damaged status Not for loan Collection code Permanent Location Current Location Shelving location Date acquired Source of acquisition Cost, normal purchase price Total Checkouts Full call number Date last seen Copy number Koha item type
  Dewey Decimal Classification     Non-fiction Central Library, University of Rajshahi Central Library, University of Rajshahi   29/04/1968 Zeitlinger 162.00   539.7222 KLX 1954 19/01/2014 C-4 Books
  Dewey Decimal Classification     Non-fiction Central Library, University of Rajshahi Central Library, University of Rajshahi   29/04/1968 Zeetlinger 162.00   539.7222 KLX 1966 03/10/2016 C-2 Books
  Dewey Decimal Classification   Not For Loan Non-fiction Central Library, University of Rajshahi Central Library, University of Rajshahi Reading Room 29/04/1968 Zeithinger 162.00   539.7222 KLX 1966 08/05/2017 C-1 Books
  Dewey Decimal Classification     Non-fiction Central Library, University of Rajshahi Central Library, University of Rajshahi   29/04/1968 Zeithinger 162.00   539.7222 KLX 1966 08/05/2017 C-3 Books